000 00442nam a2200193Ia 4500
005 20250603150020.0
008 250603s9999 xx 000 0 und d
020 _a9788131805961
050 _aTD 495 .P86/
100 _aDr Punmia, B. C
245 0 _aWaste water engineering
250 _a2nd ed.
260 _aNew Delhi
260 _bLaxmi publication
260 _c2018
300 _a660 p
650 _aNew Delhi
942 _cBK
999 _c43518
_d43518